[Event "FADIJ"]
[Site "SchemingMind.com"]
[Date "2023.09.07"]
[Round "-"]
[White "Steven DuCharme"]
[Black "Derek Price"]
[Result "0-1"]
[WhiteCountry "USA"]
[BlackCountry "ENG"]
[WhiteElo "1601"]
[WhiteRD "67"]
[BlackElo "2372"]
[BlackRD "74"]
[GameID "737134"]

1. Nf3 Nf6 2. b3 d6 3. d4 g6 4. Bb2 Bg7 5. g3 O-O 6. Bg2 Nbd7 7. Nbd2 Re8 8. e4 e5 9. O-O exd4 10. Nxd4 Nc5
11. Re1 c6 12. f3 Qc7 13. a4 Bd7 14. Nf1 d5 15. exd5 Nxd5 16. Qd2 a5 17. c4 Nb4 18. Rxe8+ Rxe8
0-1

[Event "FADIJ"]
[Site "SchemingMind.com"]
[Date "2023.09.06"]
[Round "-"]
[White "Derek Price"]
[Black "Steven DuCharme"]
[Result "1-0"]
[WhiteCountry "ENG"]
[BlackCountry "USA"]
[WhiteElo "2372"]
[WhiteRD "74"]
[BlackElo "1601"]
[BlackRD "67"]
[GameID "737135"]

1. c4 e5 2. Nc3 Nf6 3. Nf3 Nc6 4. g3 Be7 5. Bg2 O-O 6. O-O d5 7. cxd5 Nxd5 8. Nxe5 Nxc3 9. Nxc6 bxc6 10. bxc3 Bd7
11. d4 a5 12. Qd3 Ra7 13. Rb1 Qa8 14. c4 Rb8 15. Rxb8+ Qxb8 16. Be4 g6 17. Rd1 f5 18. Bg2 Rb7 19. d5
1-0

[Event "FADIJ"]
[Site "SchemingMind.com"]
[Date "2023.09.07"]
[Round "-"]
[White "Steven DuCharme"]
[Black "William Lindberg"]
[Result "0-1"]
[WhiteCountry "USA"]
[BlackCountry "USA"]
[WhiteElo "1565"]
[WhiteRD "64"]
[BlackElo "2341"]
[BlackRD "69"]
[GameID "737140"]

1. Nf3 d5 2. c4 d4 3. d3 c5 4. g3 Nf6 5. Bg2 Nc6 6. O-O e5 7. Bd2 h6 8. Na3 Bd6 9. Nb5 Be7 10. a4 a6
11. Na3 O-O 12. Rc1 Bf5 13. Qe1 e4 14. Nh4 Bh7 15. dxe4 Nxe4 16. Bxe4 Bxe4 17. f3 Bh7 18. Ng2 Re8 19. e3 Nb4 20. Bxb4 cxb4
21. Nb1 dxe3
0-1

[Event "FADIJ"]
[Site "SchemingMind.com"]
[Date "2023.09.07"]
[Round "-"]
[White "William Lindberg"]
[Black "Steven DuCharme"]
[Result "1-0"]
[WhiteCountry "USA"]
[BlackCountry "USA"]
[WhiteElo "2341"]
[WhiteRD "69"]
[BlackElo "1565"]
[BlackRD "64"]
[GameID "737141"]

1. c4 Nf6 2. d4 e6 3. Nf3 Bb4+ 4. Bd2 Qe7 5. g3 b6 6. Bg2 Bb7 7. O-O Bxd2 8. Qxd2 O-O 9. Nc3 d6 10. d5 e5
11. e4 Nbd7 12. a3 Nc5 13. Rae1 a6 14. b4 Ncd7 15. Rc1 h6 16. Nh4 Nh7 17. c5 bxc5 18. Na4 Rfc8 19. Nf5 Qf8 20. bxc5
1-0

[Event "FADIJ"]
[Site "SchemingMind.com"]
[Date "2023.09.06"]
[Round "-"]
[White "Steven DuCharme"]
[Black "JAHI"]
[Result "0-1"]
[WhiteCountry "USA"]
[BlackCountry "INT"]
[WhiteElo "1601"]
[WhiteRD "67"]
[BlackElo "2196"]
[BlackRD "81"]
[GameID "737142"]

1. Nf3 d6 2. d4 d5 3. h3 g6 4. g3 Bg7 5. Bg2 Kf8 6. O-O h6 7. Ne5 h5 8. Nc3 Nc6 9. Nxd5 Nxe5 10. dxe5 c6
11. Nc3 Qxd1 12. Rxd1 Bxe5 13. Rd8+ Kg7 14. f4 Bc7 15. Rd1 Nh6 16. b3 h4 17. Bb2 f6 18. Ne4 hxg3 19. Nxg3 Bxf4 20. Kf2 Nf5
21. Nxf5+ Bxf5 22. Kf3 g5 23. e3 Bd6 24. Rh1 Bxc2 25. Rac1 Bg6 26. a3 a6 27. e4 Bf4 28. Rcd1 Bh5+
0-1

[Event "FADIJ"]
[Site "SchemingMind.com"]
[Date "2023.09.06"]
[Round "-"]
[White "JAHI"]
[Black "Steven DuCharme"]
[Result "1-0"]
[WhiteCountry "INT"]
[BlackCountry "USA"]
[WhiteElo "2196"]
[WhiteRD "81"]
[BlackElo "1601"]
[BlackRD "67"]
[GameID "737143"]

1. c3 Nf6 2. c4 c5 3. Nc3 Nc6 4. d3 d5 5. Bg5 d4 6. Bxf6 exf6 7. Ne4 Be7 8. g3 f5 9. Nd2 O-O 10. Bg2 Qc7
11. Kf1 Be6 12. Ngf3 Rab8 13. Ne1 b5 14. b3 b4 15. Nc2 a5 16. Bd5 Nd8 17. Bxe6 Nxe6 18. a3 g6 19. h3 h5 20. e3 Rfd8
21. axb4 dxe3 22. Nxe3 Rxd3 23. Nd5 Qd6 24. Rxa5 Rxd5 25. cxd5 Qxd5 26. Rg1 Rxb4 27. Ra4
1-0

[Event "FADIJ"]
[Site "SchemingMind.com"]
[Date "2023.09.07"]
[Round "-"]
[White "Steven DuCharme"]
[Black "eliecercruzr"]
[Result "0-1"]
[WhiteCountry "USA"]
[BlackCountry "CUB"]
[WhiteElo "1565"]
[WhiteRD "64"]
[BlackElo "2298"]
[BlackRD "64"]
[GameID "737144"]

1. e4 c5 2. Nf3 d6 3. Bb5+ Bd7 4. Qe2 g6 5. O-O Bg7 6. c3 Nc6 7. Na3 Nf6 8. Nc2 a6 9. Bxc6 Bxc6 10. d3 O-O
11. Bg5 h6 12. Bxf6 exf6 13. d4 Re8 14. dxc5 Rxe4
0-1

[Event "FADIJ"]
[Site "SchemingMind.com"]
[Date "2023.09.07"]
[Round "-"]
[White "eliecercruzr"]
[Black "Steven DuCharme"]
[Result "1-0"]
[WhiteCountry "CUB"]
[BlackCountry "USA"]
[WhiteElo "2298"]
[WhiteRD "64"]
[BlackElo "1565"]
[BlackRD "64"]
[GameID "737145"]

1. e4 c6 2. d4 d5 3. Nc3 dxe4 4. Nxe4 Bf5 5. Ng3 Bg6 6. Nf3 Nd7 7. Bd3 Ngf6 8. Bxg6 hxg6 9. O-O e6 10. Re1 Be7
11. Qe2 Qc7 12. c4 O-O-O 13. Bd2 Nh5 14. Ne4 Nf4 15. Qe3 Nh5 16. d5 exd5 17. cxd5
1-0

[Event "FADIJ"]
[Site "SchemingMind.com"]
[Date "2023.09.09"]
[Round "-"]
[White "Steven DuCharme"]
[Black "Megabulles"]
[Result "0-1"]
[WhiteCountry "USA"]
[BlackCountry "GER"]
[WhiteElo "1601"]
[WhiteRD "67"]
[BlackElo "2361"]
[BlackRD "74"]
[GameID "737146"]

1. Nf3 Nf6 2. g3 d5 3. Bg2 c6 4. d4 Bf5 5. O-O h6 6. Ne5 Nbd7 7. f4 e6 8. h3 Ne4 9. Qe1 Nxe5 10. fxe5 c5
11. e3 Qb6 12. Bxe4 Bxe4 13. Qf2 Bg6 14. c3 Be7 15. b3 O-O 16. h4 f6 17. Qd2 fxe5
0-1

[Event "FADIJ"]
[Site "SchemingMind.com"]
[Date "2023.09.07"]
[Round "-"]
[White "Megabulles"]
[Black "Steven DuCharme"]
[Result "1-0"]
[WhiteCountry "GER"]
[BlackCountry "USA"]
[WhiteElo "2361"]
[WhiteRD "74"]
[BlackElo "1601"]
[BlackRD "67"]
[GameID "737147"]

1. d4 Nf6 2. Nf3 b6 3. c4 Bb7 4. Nc3 e6 5. a3 a5 6. Bf4 Be7 7. e3 O-O 8. h3 d6 9. Bd3 Nbd7 10. O-O c5
11. Rc1 g6 12. Re1 Bc6 13. e4 Qc7 14. d5
1-0

[Event "FADIJ"]
[Site "SchemingMind.com"]
[Date "2023.09.07"]
[Round "-"]
[White "Derek Price"]
[Black "ray winteringham"]
[Result "1-0"]
[WhiteCountry "ENG"]
[BlackCountry "ENG"]
[WhiteElo "2393"]
[WhiteRD "74"]
[BlackElo "1333"]
[BlackRD "48"]
[GameID "737168"]

1. c4 c5 2. Nf3 Nc6 3. Nc3 d6 4. d4 cxd4 5. Nxd4 e5 6. Nc2 h6 7. b3 Nf6 8. g3 Be7 9. Bg2 Bd7 10. O-O O-O
11. Ne3 a6 12. a4 Nh7 13. Ned5 Nf6 14. Nxe7+ Qxe7 15. Ba3 Ne8 16. Nd5 Qe6 17. Nb6 Rb8 18. Ra2 Nd4 19. e3 Nc6 20. Rd2 a5
21. Bxd6 Rd8 22. Bxf8
1-0

[Event "FADIJ"]
[Site "SchemingMind.com"]
[Date "2023.09.07"]
[Round "-"]
[White "Derek Price"]
[Black "William Lindberg"]
[Result "1/2-1/2"]
[WhiteCountry "ENG"]
[BlackCountry "USA"]
[WhiteElo "2369"]
[WhiteRD "66"]
[BlackElo "2355"]
[BlackRD "66"]
[GameID "737170"]

1. c4 e5 2. Nc3 Nf6 3. Nf3 Nc6 4. g3 Bb4 5. Bg2 h6 6. Qc2 d6 7. O-O O-O 8. a3 Bxc3 9. Qxc3 a5 10. b3 Bg4
11. Re1 Qd7 12. Bb2 Bh3 13. Bh1 Rfe8 14. d3 Nd8 15. Nd2 Qg4 16. b4 Rb8 17. bxa5 Ra8 18. Rab1 Nc6 19. Ba1 Nxa5 20. Rb5 Nc6
21. Rxb7 Nd4 22. Nf3 Ne6 23. Rb5=
1/2-1/2

[Event "FADIJ"]
[Site "SchemingMind.com"]
[Date "2023.09.07"]
[Round "-"]
[White "William Lindberg"]
[Black "Derek Price"]
[Result "1/2-1/2"]
[WhiteCountry "USA"]
[BlackCountry "ENG"]
[WhiteElo "2355"]
[WhiteRD "66"]
[BlackElo "2369"]
[BlackRD "66"]
[GameID "737171"]

1. e4 c5 2. Nf3 d6 3. Bb5+ Nd7 4. O-O a6 5. Bd3 Ngf6 6. c4 e5 7. Nc3 Be7 8. a3 O-O 9. h3 Nb8 10. b4 Be6
11. Nd5 Nc6 12. Re1 Re8 13. Bb2 Nd7 14. bxc5 dxc5 15. Bc3 Bd6 16. a4 b6 17. a5 bxa5 18. Bc2 Nb4 19. Bb3 Ra7 20. d3 f6=
1/2-1/2

[Event "FADIJ"]
[Site "SchemingMind.com"]
[Date "2023.09.06"]
[Round "-"]
[White "Derek Price"]
[Black "JAHI"]
[Result "1-0"]
[WhiteCountry "ENG"]
[BlackCountry "INT"]
[WhiteElo "2379"]
[WhiteRD "72"]
[BlackElo "2197"]
[BlackRD "74"]
[GameID "737172"]

1. c4 d6 2. d4 d5 3. Nc3 c6 4. e3 a6 5. Nf3 Nf6 6. Be2 b6 7. O-O Bg4 8. cxd5 Nxd5 9. h3 Bxf3 10. Bxf3 e6
11. e4 Nxc3 12. bxc3 Be7 13. e5 Kf8 14. c4 Ra7 15. Be3 Bg5 16. Bxg5 Qxg5 17. Qb3 Qd8 18. Rad1 g6 19. d5 exd5 20. cxd5 cxd5
21. Bxd5 Qc7 22. e6 f6 23. Rc1 Qd8 24. Rfd1 Kg7 25. Bf3 Qe7 26. Qxb6 a5 27. Qd4 Rf8 28. g3 h6 29. Kg2 h5 30. Qd6 h4
31. gxh4 Qxd6 32. Rxd6 Re8 33. a3 Kf8 34. Rb6 Na6 35. e7+ Kxe7 36. Re1+ Kd7 37. Bc6+ Kc7 38. Bxe8 Kxb6 39. Bxg6 Nc7 40. h5 Ra8
41. Kf3 Rh8 42. Re7 Kc6 43. Rh7 Rg8 44. Rf7 Nd5 45. Be4 Kd6 46. h6 Ne7 47. h7 Rh8 48. Rxf6+ Ke5 49. Ra6 Nd5 50. Bxd5 Rxh7
51. Be6 a4 52. Bg4 Kd5 53. Rxa4 Ke5 54. Re4+ Kd6 55. a4 Rh8 56. a5 Kc5 57. a6 Rh7 58. Kg3 Rc7 59. h4 Rh7 60. h5 Kb5
61. Re6 Kc5 62. h6 Rc7 63. Bf5 Kd5 64. h7 Rxh7 65. Bxh7 Kxe6 66. a7 Kd5 67. a8=Q+ Kd6 68. Qe4 Kc5 69. Qe5+ Kb4 70. Qc7 Kb3
71. Qc5 Kb2 72. Qc4 Ka3 73. Qb5 Ka2 74. Qb4 Ka1 75. Qb1#
1-0

[Event "FADIJ"]
[Site "SchemingMind.com"]
[Date "2023.09.07"]
[Round "-"]
[White "JAHI"]
[Black "Derek Price"]
[Result "0-1"]
[WhiteCountry "INT"]
[BlackCountry "ENG"]
[WhiteElo "2155"]
[WhiteRD "72"]
[BlackElo "2396"]
[BlackRD "75"]
[GameID "737173"]

1. c3 Nf6 2. c4 e6 3. Nc3 c5 4. d3 Nc6 5. Bg5 Be7 6. Bxf6 Bxf6 7. e3 O-O 8. Be2 d5 9. Kf1 d4 10. exd4 cxd4
11. Ne4 Be7 12. Nf3 f5 13. Ned2 e5 14. Ne1 Be6 15. Bf3 Qd7 16. Kg1 Rad8 17. h3 Kh8 18. Bxc6 Qxc6 19. Qe2 e4 20. Rd1 b5
21. b3 bxc4 22. Nxc4 Bd5 23. h4 Rfe8 24. h5 Bf6 25. h6 g6 26. Rh2 Qd7 27. g3 g5 28. dxe4 fxe4 29. Ng2 Qf5 30. Qf1 Ba8
31. Ne1 Bb7 32. Rd2 Qc5 33. Ng2 Rf8 34. Qb1 Qc7 35. Qe1 Ba8 36. Rc2 Qd7 37. Rd2 Qf7 38. Rd1 Be7 39. Qe2 Qf6 40. a3 e3
41. Ne1 Bc5 42. Nd3 Bf3 43. Qe1 Bxd1 44. Qxd1 Qf5 45. g4 Qe4 46. Nxc5 e2 47. Qe1 Qxg4+ 48. Rg2 Qf5 49. b4 Rde8 50. Nd2 Qc2
51. f3 Qxd2 52. Qxd2 e1=Q+ 53. Qxe1 Rxe1+ 54. Kf2 Re3 55. Rxg5 Rexf3+ 56. Kg2 R3f5 57. Rxf5 Rxf5 58. Kg3 Rh5 59. a4 Rxh6 60. a5 Rd6
61. Nd3 Re6 62. Kf4 Re3 63. Nc5 h5 64. b5 Ra3 65. b6 Rxa5 66. b7 Rb5 67. Kg3 d3 68. Nxd3 Rxb7 69. Nc5 Rb5 70. Na6 Rb6
71. Nc5 a5 72. Kf2 Rb5 73. Na4 Rb4 74. Nc5 Rc4 75. Nd3 a4 76. Ne5 Rc2+ 77. Ke3 a3 78. Kd3 Rg2 79. Nf7+ Kg7 80. Nd6 Rg5
81. Kc2 h4 82. Kb3 Kf6 83. Ne4+ Kf5 84. Nxg5 Kxg5 85. Kxa3 h3 86. Kb3 h2 87. Kc4 h1=Q 88. Kd4 Qe1 89. Kd5 Kf4 90. Kd6 Qe5+
91. Kc6 Qd4 92. Kc7 Qd5 93. Kb6 Ke5 94. Ka6 Qb3 95. Ka5 Kd6 96. Ka6 Kc6 97. Ka7 Qb7#
0-1

[Event "FADIJ"]
[Site "SchemingMind.com"]
[Date "2023.09.07"]
[Round "-"]
[White "Derek Price"]
[Black "eliecercruzr"]
[Result "1/2-1/2"]
[WhiteCountry "ENG"]
[BlackCountry "CUB"]
[WhiteElo "2369"]
[WhiteRD "66"]
[BlackElo "2311"]
[BlackRD "61"]
[GameID "737174"]

1. c4 e5 2. Nc3 Nf6 3. Nf3 Nc6 4. g3 d5 5. cxd5 Nxd5 6. Bg2 Nb6 7. O-O Be7 8. a3 O-O 9. b4 Be6 10. Rb1 f6
11. Ne4 Ba2 12. Rb2 Bd5 13. Nc5 Nc4 14. Rb1 Bxc5 15. bxc5 e4 16. Ne1 b6 17. cxb6 axb6 18. Nc2 Ra5 19. Nb4 Nxb4 20. axb4 Ra2
21. d3 exd3 22. Qxd3 Bxg2 23. Qxc4+ Bd5 24. Qd3 Be6=
1/2-1/2

[Event "FADIJ"]
[Site "SchemingMind.com"]
[Date "2023.09.08"]
[Round "-"]
[White "eliecercruzr"]
[Black "Derek Price"]
[Result "1/2-1/2"]
[WhiteCountry "CUB"]
[BlackCountry "ENG"]
[WhiteElo "2311"]
[WhiteRD "61"]
[BlackElo "2369"]
[BlackRD "66"]
[GameID "737175"]

1. e4 c5 2. Nf3 d6 3. d4 cxd4 4. Nxd4 Nf6 5. Nc3 a6 6. Bc4 e6 7. Bb3 b5 8. O-O Be7 9. Qf3 Qb6 10. Be3 Qb7
11. Qg3 b4 12. Na4 Nbd7 13. f3 O-O 14. Rad1 Ne5 15. Nb6 Nh5 16. Qe1 Qxb6 17. Nxe6 Qb7 18. Nxf8 Bxf8 19. g4 Nf6 20. g5 Ne8
21. f4 Nc6 22. f5 Qc7 23. c3 bxc3 24. Qxc3 Bb7=
1/2-1/2

[Event "FADIJ"]
[Site "SchemingMind.com"]
[Date "2023.09.09"]
[Round "-"]
[White "Derek Price"]
[Black "Megabulles"]
[Result "1/2-1/2"]
[WhiteCountry "ENG"]
[BlackCountry "GER"]
[WhiteElo "2369"]
[WhiteRD "66"]
[BlackElo "2351"]
[BlackRD "72"]
[GameID "737176"]

1. c4 Nf6 2. Nc3 c5 3. Nf3 e6 4. g3 b6 5. Bg2 Bb7 6. O-O a6 7. b3 Be7 8. Bb2 O-O 9. e3 d5 10. cxd5 Nxd5
11. Nxd5 Bxd5 12. d4 Nd7 13. Qe2 Be4 14. Rfd1 Qc7 15. Nd2 Bxg2 16. Kxg2 Qb7+ 17. Qf3 Qxf3+=
1/2-1/2

[Event "FADIJ"]
[Site "SchemingMind.com"]
[Date "2023.09.07"]
[Round "-"]
[White "Megabulles"]
[Black "Derek Price"]
[Result "1/2-1/2"]
[WhiteCountry "GER"]
[BlackCountry "ENG"]
[WhiteElo "2351"]
[WhiteRD "72"]
[BlackElo "2369"]
[BlackRD "66"]
[GameID "737177"]

1. d4 d5 2. Nf3 Nf6 3. c3 e6 4. Bf4 Bd6 5. Bg3 O-O 6. Nbd2 c5 7. e3 b6 8. Bd3 Bb7 9. Bxd6 Qxd6 10. Ne5 Qc7
11. O-O Nc6 12. f4 Ne7 13. Qf3 Nf5 14. g4 Nd6 15. g5 Nfe4 16. Qh3 cxd4 17. exd4 Rae8 18. Ndf3 f6 19. Ng4=
1/2-1/2

[Event "FADIJ"]
[Site "SchemingMind.com"]
[Date "2023.09.07"]
[Round "-"]
[White "Megabulles"]
[Black "ray winteringham"]
[Result "1-0"]
[WhiteCountry "GER"]
[BlackCountry "ENG"]
[WhiteElo "2358"]
[WhiteRD "76"]
[BlackElo "1333"]
[BlackRD "48"]
[GameID "737199"]

1. d4 d5 2. Nf3 h6 3. c3 Nc6 4. Bf4 Bg4 5. Nbd2 e6 6. e4 Nf6 7. h3 Bxf3 8. Qxf3 Bd6 9. e5 Ne4 10. exd6 Nxd2
11. Bxd2 Qxd6 12. Bf4 Qe7 13. Bb5 Qd7 14. O-O
1-0

[Event "FADIJ"]
[Site "SchemingMind.com"]
[Date "2023.09.07"]
[Round "-"]
[White "William Lindberg"]
[Black "JAHI"]
[Result "1-0"]
[WhiteCountry "USA"]
[BlackCountry "INT"]
[WhiteElo "2355"]
[WhiteRD "66"]
[BlackElo "2190"]
[BlackRD "81"]
[GameID "737202"]

1. d4 d6 2. Nf3 d5 3. c4 c6 4. Nc3 e6 5. e4 Bb4 6. Bd3 Ne7 7. O-O Bxc3 8. bxc3 h6 9. cxd5 cxd5 10. c4 Nbc6
11. Ba3 dxc4 12. Bxc4 Bd7 13. d5 Na5 14. Bd3 Kf8 15. Be2 exd5 16. Qxd5 Nc6 17. Ne5 Be8 18. Nxc6 Bxc6 19. Qe5 Qe8 20. Rad1 h5
21. f4 Rh6 22. f5 f6 23. Qc7 Kg8 24. Bxe7 Rc8 25. Qd6 Bxe4 26. Qe6+ Kh7 27. Rd4 Bc6 28. Bc4 Ba4 29. Re1 Qc6 30. Bd5 Qe8
31. Rxa4 Qxa4 32. Qxc8 Qd4+ 33. Kh1 Qxd5 34. Bf8 Qg8 35. Re8 Rg6 36. fxg6+ Kxg6 37. Re7 Kh6 38. h4 Kg6 39. Qe8+ Kh6 40. Rf7 Kh7
41. Rxf6 g6 42. Rf7+ Qg7 43. Rxg7+ Kh8 44. Qxg6 a6 45. Qxh5#
1-0

[Event "FADIJ"]
[Site "SchemingMind.com"]
[Date "2023.09.07"]
[Round "-"]
[White "JAHI"]
[Black "William Lindberg"]
[Result "0-1"]
[WhiteCountry "INT"]
[BlackCountry "USA"]
[WhiteElo "2161"]
[WhiteRD "78"]
[BlackElo "2375"]
[BlackRD "65"]
[GameID "737203"]

1. c3 Nf6 2. c4 e5 3. Nc3 Bb4 4. a3 Bxc3 5. dxc3 O-O 6. Bg5 h6 7. Bxf6 Qxf6 8. e3 d6 9. Bd3 Qe7 10. Ne2 f5
11. Kf1 a5 12. a4 Be6 13. b3 Na6 14. Kg1 Rad8 15. Qf1 Nc5 16. Bc2 d5 17. cxd5 Bxd5 18. b4 axb4 19. cxb4 Nb3 20. Rd1 Qxb4
21. h3 Nd2 22. Qe1 Bf3 23. Kh2 Kh8 24. Rg1 Rd6 25. Bb1 c5 26. Rc1 Bxe2 27. Qxe2 c4 28. Bc2 g6 29. Rgd1 e4 30. h4 Rd5
31. h5 g5 32. g3 Rfd8 33. Kg2 c3 34. Rh1 Qe7 35. Rh3 Rc5 36. a5 Rxa5 37. Rhh1 Qe6 38. Bd1 Rc5 39. Rh3 Nf3 40. Qf1 Rd2
41. Kh1 c2 42. Bxc2 g4 43. Rh2 f4 44. Bd3 Rxc1 45. Qxc1 exd3 46. gxf4 Qc6 47. Qa1+ Kh7 48. e4 Qxe4 49. Qf1 Qe2 50. Qxe2 dxe2
51. Kg2 e1=Q 52. Kg3 Nxh2 53. Kxh2 Qxf2+ 54. Kh1 Rd1#
0-1

[Event "FADIJ"]
[Site "SchemingMind.com"]
[Date "2023.09.07"]
[Round "-"]
[White "William Lindberg"]
[Black "eliecercruzr"]
[Result "1-0"]
[WhiteCountry "USA"]
[BlackCountry "CUB"]
[WhiteElo "2336"]
[WhiteRD "68"]
[BlackElo "2309"]
[BlackRD "61"]
[GameID "737204"]

1. e4 e5 2. Nf3 Nc6 3. Bb5 a6 4. Ba4 Nf6 5. O-O Be7 6. d3 d6 7. c3 O-O 8. Nbd2 Re8 9. h3 Bf8 10. Re1 h6
11. d4 b5 12. Bc2 Bb7 13. d5 Nb8 14. b3 c6 15. c4 Nbd7 16. Nf1 Qc7 17. Be3 Rec8 18. Rc1 Qa5 19. Bb1 bxc4 20. bxc4 cxd5
21. exd5 g6 22. Ng3 Bg7 23. h4 h5 24. Ng5 Qc7 25. Qd3 Re8 26. Qa3 a5 27. Red1 Rac8 28. N3e4 Nxe4 29. Nxe4 Bf8 30. Bc2 f5
31. Ng5 Nc5 32. Rb1 Ba8 33. Rb5 Nb7 34. Rb6 Qxc4 35. Rc1 Nc5 36. Bb3 Qe2 37. Bxc5 Rxc5 38. Rxc5 Qe1+ 39. Kh2 Qxf2 40. Qa4 Rd8
41. Rcb5 e4 42. Nh3 Qe3 43. Rb8 f4 44. Bc4 Qg3+ 45. Kg1 f3 46. Qc2
1-0

[Event "FADIJ"]
[Site "SchemingMind.com"]
[Date "2023.09.07"]
[Round "-"]
[White "eliecercruzr"]
[Black "William Lindberg"]
[Result "1/2-1/2"]
[WhiteCountry "CUB"]
[BlackCountry "USA"]
[WhiteElo "2298"]
[WhiteRD "64"]
[BlackElo "2341"]
[BlackRD "69"]
[GameID "737205"]

1. e4 e5 2. Nf3 Nc6 3. Bb5 a6 4. Ba4 Nf6 5. O-O Be7 6. Re1 b5 7. Bb3 O-O 8. c3 d5 9. exd5 Nxd5 10. Nxe5 Nxe5
11. Rxe5 c6 12. d4 Bd6 13. Re1 Qh4 14. g3 Qh3 15. Bxd5 cxd5 16. Qf3 Bf5 17. Qxd5 Rfe8 18. Bd2 Rad8 19. Na3 Bf8 20. Qg2 Qh5
21. f3 Qg6 22. Rxe8 Rxe8 23. Qf2 h6 24. Re1 Rc8 25. Qe3=
1/2-1/2

[Event "FADIJ"]
[Site "SchemingMind.com"]
[Date "2023.09.09"]
[Round "-"]
[White "William Lindberg"]
[Black "Megabulles"]
[Result "1/2-1/2"]
[WhiteCountry "USA"]
[BlackCountry "GER"]
[WhiteElo "2336"]
[WhiteRD "68"]
[BlackElo "2361"]
[BlackRD "74"]
[GameID "737206"]

1. e4 d5 2. exd5 Qxd5 3. Nc3 Qd6 4. d4 c6 5. Nf3 Nf6 6. Be2 Bg4 7. O-O Nbd7 8. h3 Bxf3 9. Bxf3 e6 10. Ne2 Qc7
11. c4 Be7 12. Bf4 Bd6 13. Bd2 e5 14. g3 O-O 15. Qc2 Rfe8 16. Bg2 exd4 17. Nxd4 a5 18. Nf5 Bf8 19. Rad1 Nc5 20. Bf4 Qb6
21. Be3 Qc7 22. b3 Rad8 23. Bf4 Qb6 24. Rxd8 Qxd8 25. Rd1 Qb6 26. Be3 Qc7 27. Bf4 Qb6=
1/2-1/2

[Event "FADIJ"]
[Site "SchemingMind.com"]
[Date "2023.09.07"]
[Round "-"]
[White "Megabulles"]
[Black "William Lindberg"]
[Result "1/2-1/2"]
[WhiteCountry "GER"]
[BlackCountry "USA"]
[WhiteElo "2361"]
[WhiteRD "74"]
[BlackElo "2336"]
[BlackRD "68"]
[GameID "737207"]

1. d4 Nf6 2. Nf3 d5 3. c3 Bf5 4. Qb3 Qc8 5. c4 e6 6. cxd5 exd5 7. Nc3 Be6 8. Bg5 Nbd7 9. e3 c6 10. Bd3 h6
11. Bf4 Be7 12. h3 c5 13. Qd1 c4 14. Bb1 O-O 15. Qc2 Ne4 16. O-O f5 17. a4 Qc6 18. Ne5 Nxe5 19. Bxe5 Rad8 20. f3 Nd6
21. Qf2 Nf7 22. f4 Kh7 23. Bc2 g6 24. a5 Qe8 25. Ba4 Bd7 26. Bxd7 Qxd7 27. Rfb1 Nd6 28. b3 cxb3 29. Bxd6 Qxd6 30. Rxb3 Rd7
31. Rab1 Rc8 32. Qd2=
1/2-1/2

[Event "FADIJ"]
[Site "SchemingMind.com"]
[Date "2023.09.07"]
[Round "-"]
[White "JAHI"]
[Black "eliecercruzr"]
[Result "0-1"]
[WhiteCountry "INT"]
[BlackCountry "CUB"]
[WhiteElo "2204"]
[WhiteRD "80"]
[BlackElo "2313"]
[BlackRD "60"]
[GameID "737210"]

1. c3 d5 2. d3 Nf6 3. g3 e5 4. Bg5 Bd6 5. Bg2 c6 6. Kf1 Nbd7 7. Nd2 Qb6 8. Bxf6 Nxf6 9. Qb3 Qd8 10. Ngf3 O-O
11. Ne1 Be6 12. d4 e4 13. Nc2 Rb8 14. e3 a5 15. h3 h5 16. h4 b5 17. a3 c5 18. Qa2 c4 19. Qb1 b4 20. axb4 axb4
21. Qc1 b3 22. Nb4 Qd7 23. Kg1 Qb7 24. Bf1 Ra8 25. Nxd5 Qxd5 26. Bxc4 Qf5 27. Be2 Ng4 28. Bxg4 Qxg4 29. Kg2 Ra2 30. Rb1 Bxg3
31. Qd1 Qxd1 32. Rhxd1 Bxh4 33. c4 Be7 34. Rdc1 Rc8 35. c5 Bd5 36. Kh1 Bd8 37. Nc4 h4 38. Nd6 Rb8 39. c6 Ra6 40. c7 Bxc7
41. Rxc7 Rxd6 42. Ra1 Rbd8 43. Rd1 Ra6 44. Rg1 Ra2 45. Rb1 Kh7 46. Kg1 g5 47. Kf1 Kg6 48. Kg2 f5 49. Kh3 f4 50. exf4 Be6+
51. Kh2 gxf4 52. Re7 Kf5 53. Rh7 Rxd4 54. Rh5+ Kg4 55. Re5 Bc4 56. Rg1+ Kf3 57. Kh3 Rxb2 58. Kxh4 Rd7 59. Ra1 e3 60. Rc5 Rg7
61. Kh5 Ra2 62. Rh1 Ra8 63. Kh6 Rg2 64. Rh3+ Kxf2 65. Rg5 Ra6+ 66. Kg7 Rxg5+ 67. Kh8 Ra8+ 68. Kh7 Bd3+ 69. Kh6 Rg6+ 70. Kh7 Rg1+
71. Kh6 Rh8#
0-1

[Event "FADIJ"]
[Site "SchemingMind.com"]
[Date "2023.09.07"]
[Round "-"]
[White "eliecercruzr"]
[Black "JAHI"]
[Result "1/2-1/2"]
[WhiteCountry "CUB"]
[BlackCountry "INT"]
[WhiteElo "2300"]
[WhiteRD "62"]
[BlackElo "2161"]
[BlackRD "78"]
[GameID "737211"]

1. d4 d6 2. e4 d5 3. exd5 Qxd5 4. Nf3 Bg4 5. Be2 Bxf3 6. Bxf3 Qe6+ 7. Be3 Qc8 8. d5 g6 9. Nc3 Bg7 10. Qd2 Kf8
11. O-O-O Nd7 12. Kb1 h6 13. Rhe1 Ngf6 14. Bd4 Ne8 15. Bxg7+ Nxg7 16. Ne4 Ne8 17. h4 Nd6 18. Qd4 Rh7 19. h5 g5 20. c4 b6
21. Bg4 Qd8 22. Ng3 Nf6 23. Bf5 Rg7 24. Re3 Rg8 25. Re5 a6 26. a3 Rb8 27. f3 Nde8 28. Qg1 Qd6 29. Qe3 e6 30. Bc2 Nd7
31. Re4 e5 32. Qc3 Qf6 33. Ba4 Nc5 34. Rxe5 Nd6 35. Bc6 Qf4 36. Re2 Qxg3 37. Qf6 Qf4 38. Qxh6+ Rg7 39. Qh8+ Rg8 40. Qh6+ Rg7
41. Qh8+= Rg8 42. Qh6+ Rg7 43. Qh8+
1/2-1/2

[Event "FADIJ"]
[Site "SchemingMind.com"]
[Date "2023.09.09"]
[Round "-"]
[White "eliecercruzr"]
[Black "Megabulles"]
[Result "1/2-1/2"]
[WhiteCountry "CUB"]
[BlackCountry "GER"]
[WhiteElo "2311"]
[WhiteRD "61"]
[BlackElo "2351"]
[BlackRD "72"]
[GameID "737216"]

1. e4 d5 2. exd5 Qxd5 3. Nc3 Qd6 4. d4 c6 5. Nf3 Nf6 6. g3 Bf5 7. Bg2 h6 8. O-O e6 9. Ne5 Be7 10. Na4 O-O
11. Bf4 Qd8 12. c4 Nbd7 13. Qb3 g5 14. Be3 Nxe5 15. dxe5 Ng4 16. Rad1 Qc7 17. Bd4 Nxe5= 18. Bxe5 Qxe5 19. Qxb7 Bf6 20. Qxc6 Rac8
21. Qa6 Qe2 22. Qxa7 Rxc4 23. b3 Rc2 24. a3 Kg7 25. Nc5 Ra2 26. Nd7 Rd8 27. b4 Qb2 28. Nxf6 Qxf6 29. Rxd8 Qxd8 30. Qe3 Qf6
31. b5 Qb2 32. b6 Rxa3 33. Qc1 Rb3 34. b7 Bd3 35. Qxb2+ Rxb2 36. Ra1 f5 37. Rd1 Be4 38. Bxe4 fxe4 39. Rd7+ Kf6 40. Rh7 Kf5=
1/2-1/2

[Event "FADIJ"]
[Site "SchemingMind.com"]
[Date "2023.09.07"]
[Round "-"]
[White "Megabulles"]
[Black "eliecercruzr"]
[Result "1-0"]
[WhiteCountry "GER"]
[BlackCountry "CUB"]
[WhiteElo "2351"]
[WhiteRD "72"]
[BlackElo "2311"]
[BlackRD "61"]
[GameID "737217"]

1. d4 Nf6 2. Nf3 e6 3. Bg5 d5 4. Nbd2 Be7 5. e3 O-O 6. Bd3 Nbd7 7. c3 h6 8. Bf4 Nh5 9. Be5 c5 10. h3 Nxe5
11. dxe5 g6 12. g4 Ng7 13. h4 Bd7 14. h5 gxh5 15. Rg1 Kh8 16. Qe2 Qb6 17. O-O-O Ba4 18. Rdf1 a6 19. g5 Bb5 20. gxh6 Nf5
21. Ne1 Bxd3 22. Nxd3 Qb5 23. h7 Rad8 24. a4 Qxa4 25. Qxh5 Qh4 26. Qe2 Qa4 27. Rg4 d4 28. Rfg1 Nh6 29. Qf3 Qa1+ 30. Nb1 dxe3
31. Qh3 Nxg4 32. Qxg4 Bg5 33. Qxg5
1-0